Pulih dan Pelihara Air / (Record no. 184487)

MARC details
000 -LEADER
fixed length control field 01087pam a2200349 ia4500
001 - CONTROL NUMBER
control field vtls000908460
003 - CONTROL NUMBER IDENTIFIER
control field PNM
005 - DATE AND TIME OF LATEST TRANSACTION
control field 20210727100832.0
008 - FIXED-LENGTH DATA ELEMENTS--GENERAL INFORMATION
fixed length control field 200722s2021 my ao j 000 0 may
015 ## - NATIONAL BIBLIOGRAPHY NUMBER
National bibliography number M21-02458
020 ## - INTERNATIONAL STANDARD BOOK NUMBER
International Standard Book Number 9789670787930
Qualifying information set
Terms of availability RM177.00
International Standard Book Number 9789670787954
Qualifying information paperback
Terms of availability RM44.25
039 #9 - LEVEL OF BIBLIOGRAPHIC CONTROL AND CODING DETAIL [OBSOLETE]
Level of rules in bibliographic description 202107022317
Level of effort used to assign nonsubject heading access points sham
Level of effort used to assign subject headings 202106021602
Level of effort used to assign classification mavis
Level of effort used to assign subject headings 202103062218
Level of effort used to assign classification ain
Level of effort used to assign subject headings 202103062216
Level of effort used to assign classification ain
040 ## - CATALOGING SOURCE
Original cataloging agency BNM
Language of cataloging eng
Transcribing agency BNM
Description conventions rda
Modifying agency PPAK
049 ## - LOCAL HOLDINGS (OCLC)
Holding library mal
082 04 - DEWEY DECIMAL CLASSIFICATION NUMBER
Classification number 333.72
Edition number 23
090 00 - LOCALLY ASSIGNED LC-TYPE CALL NUMBER (OCLC); LOCAL CALL NUMBER (RLIN)
Classification number (OCLC) (R) ; Classification number, CALL (RLIN) (NR) 333.72
Feature heading AMM
Feature heading K
100 0# - MAIN ENTRY--PERSONAL NAME
Personal name Ammar Khalis,
Relator term author.
245 10 - TITLE STATEMENT
Title Pulih dan Pelihara Air /
Statement of responsibility, etc. Ammar Khalis
264 #1 - PRODUCTION, PUBLICATION, DISTRIBUTION, MANUFACTURE, AND COPYRIGHT NOTICE
Place of production, publication, distribution, manufacture Kuala Lumpur :
Name of producer, publisher, distributor, manufacturer E 1 PUBLICATION SDN. BHD.,
Date of production, publication, distribution, manufacture, or copyright notice [2021?]
300 ## - PHYSICAL DESCRIPTION
Extent 56 pages :
Other physical details colour photographs ;
Dimensions 26 cm.
336 ## - CONTENT TYPE
Content type term text
Source rdacontent
337 ## - MEDIA TYPE
Media type term unmediated
Source rdamedia
338 ## - CARRIER TYPE
Carrier type term volume
Source rdacarrier
490 1# - SERIES STATEMENT
Series statement SIRI SAINS ALAM SEKITAR
504 ## - BIBLIOGRAPHY, ETC. NOTE
Bibliography, etc. note Bibliography: page 56
650 10 - SUBJECT ADDED ENTRY--TOPICAL TERM
Topical term or geographic name entry element Environmental sciences
Topical term or geographic name entry element Water
General subdivision Pollution
Topical term or geographic name entry element Water conservation
830 #0 - SERIES ADDED ENTRY--UNIFORM TITLE
Uniform title Siri sains alam sekitar
942 ## - ADDED ENTRY ELEMENTS (KOHA)
Source of classification or shelving scheme Dewey Decimal Classification
Koha item type Book
Holdings
Withdrawn Not for loan Current library Shelving location Date acquired Full call number Barcode Date last seen Koha item type Total Checkouts Total Renewals Date last checked out
    Perpustakaan Alor Setar Pinjaman Kanak-kanak 24/08/2021 K 333.72 AMM A01707223 24/08/2021 Book      
    Perpustakaan Awam Sungai Petani Pinjaman Kanak-kanak 24/08/2021 K 333.72 AMM A01707224 24/08/2021 Book      
    Perpustakaan Baling Pinjaman Kanak-kanak 24/08/2021 K 333.72 AMM A01707228 24/08/2021 Book      
    Perpustakaan Bandar Baharu Pinjaman Kanak-kanak 24/08/2021 K 333.72 AMM A01707229 24/08/2021 Book      
    Perpustakaan Jitra Pinjaman Kanak-kanak 24/08/2021 K 333.72 AMM A01707225 24/08/2021 Book      
    Perpustakaan Kulim Pinjaman Kanak-kanak 24/08/2021 K 333.72 AMM A01707227 24/08/2021 Book      
    Perpustakaan Langkawi Pinjaman Kanak-kanak 24/08/2021 K 333.72 AMM A01707226 24/08/2021 Book      
    Perpustakaan Merbok Pinjaman Kanak-kanak 24/08/2021 K 333.72 AMM A01707230 24/08/2021 Book      
    Perpustakaan Yan Pinjaman Kanak-kanak 24/08/2021 K 333.72 AMM A01707231 21/08/2024 Book 1 1 17/07/2024